MCU movie villains - Statistics

General Stats
  • This quiz has been taken 41 times
  • The average score is 27 of 49
Answer Stats
Hint Answer % Correct
The Avengers Loki
96%
Thor: Ragnarok Hela
89%
Captain America Red Skull
89%
Avengers: Infinity War Thanos
86%
Spider-Man: No Way Home Green Goblin
82%
Spider-Man: No Way Home Sandman
82%
The Incredible Hulk Abomination
79%
Spider-Man: No Way Home Doctor Octopus
79%
Avengers: Age of Ultron Ultron
79%
Spider-Man: Homecoming Vulture
79%
Spider-Man: No Way Home Electro
75%
Black Panther Erik Killmonger
71%
Spider-Man: No Way Home Lizard
71%
Spider-Man: Far From Home Mysterio
71%
Iron Man 2 Whiplash
68%
Guardians of the Galaxy Ronan the Accuser
64%
Multiverse of Madness Scarlet Witch
64%
Ant-Man Yellowjacket
64%
Guardians of the Galaxy Vol. 2 Ego the living Planet
61%
Doctor Strange Dormammu
57%
Ant-Man and the Wasp Ghost
57%
Thor: Love and Thunder Gorr the God Butcher
57%
Black Panther: Wakanda Forever Namor the Sub-Mariner
57%
Iron Man Iron Monger
54%
Black Widow Taskmaster
54%
Avengers: Infinity War Corvus Glaive
50%
Avengers: Infinity War Ebony Maw
50%
Doctor Strange Kaecilius
50%
Thor: The Dark World Malekith the Accursed
50%
Thor: Ragnarok Surtur
50%
Eternals Kro
46%
Avengers: Infinity War Proxima Midnight
46%
Captain America: The Winter Soldier Alexander Pierce
43%
Captain America Arnim Zola
43%
Avengers: Infinity War Cull Obsidian
43%
Captain America: Civil War Helmut Zemo
43%
Iron Man 2 Justin Hammer
43%
Thor Laufey
43%
Captain Marvel Yon-Rogg
43%
Iron Man 3 Aldrich Killian
39%
Captain America: The Winter Soldier Crossbones
39%
Shang-Chi Xu Wenwu
39%
Thor: Ragnarok Executioner
36%
Black Panther: Wakanda Forever Attuma
32%
Black Panther: Wakanda Forever Namora
29%
Eternals Arishem the Judge
25%
Shang-Chi Death Dealer
21%
Multiverse of Madness Shuma-Gorath
14%
Captain America: The Winter Soldier Baron Strucker
7%
No matching quizzes found
Score Distribution
Percent of People with Each Score
Percentile by Number Answered
Your Score History
You have not taken this quiz